00528nam a2200181Ia 450000500170000000800410001702000150005808200130007310000210008624500300010725000080013726000380014530000190018350000240020294200060022695200990023299900150033120250430071104.0240331s9999 xx 000 0 und d a9559553712 bRUWa891 aRuwanpathirana,M 0aObe yeheliya aya gahaniya a2nd aDehiwalabDeepti Publishersc1995 a62 p ., ( C 2) aWomen's Based Poems cL 001040708LaWERCLbWERCLcSSCd2024-03-31l0o 891.48 RUWp2824,r2024-03-31w2024-03-31yL c5536d5536